000
00337nam a2200145Ia 4500
008
230718s9999 xx 000 0 und d
041
_a
Eng.
082
_a
658
_b
PET-T
100
_a
Peter's Thomes. J
245
0
_a
Thsiung Chores Handbook
260
_a
Pakistan
_b
F41020ms (Pvc)
_c
1987
300
_a
561
650
_a
Law
999
_c
26092
_d
26092